| 000 | 00828nam a2200277 a 4500 | ||
|---|---|---|---|
| 003 | CBULib | ||
| 005 | 20241101092220.0 | ||
| 008 | 211124s2013 ||||||||||||||||| || u | ||
| 020 | _a9780123786326 | ||
| 040 |
_cCBULib _bEnglish _erda |
||
| 050 | _aQL 737 Fle | ||
| 100 | _aFleagle, John G | ||
| 245 | 1 | 0 |
_aPrimate adaptation and evolution _c/ by John G. Fleagle |
| 250 | _aThird edition | ||
| 260 |
_aAmsterdam : _bElsevier Academic Press, _c2013 |
||
| 300 | _ax, 441 pages : illustrations, maps | ||
| 336 |
_2rdacontent _aText | _btxt |
||
| 337 |
_2rdamedia _aUnmediated | _bn |
||
| 338 |
_2rdacarrier _aVolume _bnc |
||
| 500 | _aIncludes an index. | ||
| 650 | 0 |
_aPRIMATES--ADAPTATION _93940 |
|
| 650 | 0 |
_aPRIMATES _93942 |
|
| 650 | _aPRIMATES--EVOLUTION | ||
| 650 | 0 |
_aADAPTATION (BIOLOGY) _93943 |
|
| 942 |
_2lcc _c002 |
||
| 999 |
_c77069 _d77069 |
||